Foundations of plant geography /

Bibliographic Details
Main Author: Cain, Stanley A. (Stanley Adair), 1902-1995
Format: Book
Language:English
Published: New York, London : Harper & brothers, [1944]
Subjects:

MARC

Tag First Indicator Second Indicator Subfields
LEADER 00000cam a2200000 4500
001 in00000045196
005 20151007071132.0
008 751126s1944 nyuab b 00010 eng
010 |a  44005479  
035 |a (OCoLC)01856386 
035 |9 AAE5381AM 
040 |a DLC  |c ABC  |d OCL  |d TXA  |d UtOrBLW 
049 |a TXAM  |c 2 [137880] 
050 0 |a QK101  |b .C13 
082 0 |a 581.9 
092 |a 581.9  |b C135f 
100 1 |a Cain, Stanley A.  |q (Stanley Adair),  |d 1902-1995. 
245 1 0 |a Foundations of plant geography /  |c [by] Stanley A. Cain ... 
264 1 |a New York,  |a London :  |b Harper & brothers,  |c [1944] 
300 |a xiv, 556 pages :  |b illustrations (including maps) diagrams ;  |c 24 cm. 
336 |a text  |b txt  |2 rdacontent 
337 |a unmediated  |b n  |2 rdamedia 
338 |a volume  |b nc  |2 rdacarrier 
500 |a "First edition." 
504 |a "Literature cited": pages 491-528. 
650 0 |a Phytogeography. 
740 0 |a Plant geography. 
999 |a MARS 
999 f f |s 36adfe2f-78ec-30ff-8554-7181473b2c87  |i e9926374-21f6-3c3b-81c1-a1693848d442  |t 0 
952 f f |p ric  |a Texas A&M University  |b Rellis Campus  |c Joint Library Facility  |d Remote Storage  |t 0  |e QK101 .C13  |h Library of Congress classification  |i unmediated -- volume  |l 1944  |m A14800991800 
998 f f |a QK101 .C13  |t 0  |l Remote Storage